Представление документа в формате MARC21

Поле Инд. ПП Название Значение
Тип записи a
Библиографический уровень b
001 Контрольный номер RU/IS/BASE/257263141
005 Дата корректировки 20200522191210.4
008 Кодируемые данные 20080225
040 b Код языка каталог. rus
e Правила каталог. PSBO
041 0_ a Код языка текста rus
084 a Индекс другой классификации/Индекс ББК 81.411.2-3; 81.601.1-3; 60.562.5; 81.006
100 1_ a Автор Платонова Н. А.
245 10 a Заглавие Экспериментальное исследование когнитивного обоснования цветовых концептов у носителей разных языков
504 a Библиография Библиогр. - Примеч.: с. 118 - 119
650 a Основная рубрика лексикология
a Основная рубрика психолингвистика
a Основная рубрика психология
a Основная рубрика русский язык
a Основная рубрика социолингвистика
a Основная рубрика социология
a Основная рубрика филологические науки
a Основная рубрика частное языкознание
a Основная рубрика языкознание
653 1_ a Ключевые слова восприятие цвета
a Ключевые слова грузинский язык
a Ключевые слова Грузия
a Ключевые слова лексика
a Ключевые слова национальные особенности
a Ключевые слова Россия
a Ключевые слова сравнительное языкознание
a Ключевые слова цвет
a Ключевые слова цветообозначение
a Ключевые слова языковая культура
773 0_ t Заглавие источника Вестник Московского университета. Серия 9, Филология
d Дата издания источника 2007
g Прочая информация № 2. - С. 112 - 119 : табл., рис.
w Контрольный № источника RU/IS/BASE/236181942
901 t Тип документа b